000 01373cam a22001934a 4500
005 20250605165244.0
008 250528s ||||||||||||||||||||||||d
035 _a23582
040 _aGR-AtMCL
_bgre
_dGR-AtMCL
_eAACR2
245 1 _aΣτάσεις Απέναντι στα Μέσα Μαζικής Ενημέρωσης
260 _c2014
300 _a42
520 _aΠεριεχόμενα, Περίληψη, Εισαγωγή, Η Έννοια των ΜΜΕ, Η Προσφορά των ΜΜΕ στη Σύγχρονη Εποχή, Τα ΜΜΕ στην Εκπαίδευση, Διαδίκτυο, Πολιτική Ενημέρωση, Διαφήμιση και ΜΜΕ, ΜΜΕ και Ελληνική Πραγματικότητα, Παραπληροφόρηση και ΜΜΕ, Επιδράσεις των ΜΜΕ στον Πολίτη, Στάσεις και ΜΜΕ, Προϋποθέσεις και Σωστή Στάση Απέναντι στα ΜΜΕ, Μεθοδολογία της Δεγματοληπτικής Έρευνας, Προφίλ των Πολιτών Απέναντι στα Μέσα Μαζικής Ενημέρωσης, Συμπεράσματα, Βιβλιογραφία, Παράρτημα.
700 1 _aΘεοδωρόπουλος Ανδρέας
_93878
700 1 _aΜπεκιάρη Σοφία
_99169
942 _cDS
999 _c8583
_d8583